Países con más hispanohablantes - Estadísticas

Estadísticas generales
  • Esta prueba ha sido intentada 75 veces
  • La puntuación promedio es 18 de 20
Estadísticas de respuestas
# de oradoras Paises % Correcto
47,003,901 España
100%
17,248,450 Chile
97%
130,222,815 México
97%
3,343,000 Paraguay
97%
44,259,883 Argentina
95%
48,258,494 Colombia
95%
29,797,694 Perú
95%
29,210,000 Venezuela
95%
11,204,000 Guatemala
94%
3,340,000 Uruguay
94%
5,603,000 Nicaragua
91%
10,426,154 Bolivia
89%
4,468,000 Costa Rica
89%
14,170,000 Ecuador
89%
11,268,000 Cuba
88%
6,857,000 El Salvador
88%
7,876,197 Honduras
85%
10,090,000 República Dominicana
83%
6,676,018 Brasil
69%
52,600,000 United States of America/ Estados Unidos de America
42%
No se encontraron pruebas coincidentes
Distribución de puntuación
Porcentaje de gente con cada puntuación
Porcentaje por número respondido
Historial de tus puntuaciones
No has intentado esta prueba.